01653nkm a22002897a 45000010006000000050017000060070007000230080041000300400024000712450162000952600034002573000045002915000026003365000162003625050175005245630146006996550023008457000046008687000037009147000029009517000045009807740152010257740084011777740056012617740029013178520017013468578620260225103353.0kj ao 260225s16771713sp ||||| |||| 00| 0 lat d aM-RABAbspacM-RABA01a[Retratos de reyes de España, Francia y…]c/ [conjunto de estampas grabadas por] Jacques Blondeau, Nicolas Dorigny, Pietro van Sickleers, Benoît Farjat a[s.l.]b: [s.n.]c, 1677-1713 a124 fol. (231 grabados) b: il.c; 55 cm00aTit. Tomado del lomo.00aForma parte de la colección de libros de grabados procedentes del Monasterio de Valparaíso (Peleas de Arriba, Zamora) reunidos por Juan Guerrero en Roma. aContiene: Regum Hispanorum imagines / Jacques Blondeau; Francorum Regnum simulacra / Pietro van Sickleers; Series Chronologica Ducum et Regum Polonarum / Benoît Farjat. aEnc. en pergamino a la romana, tejuelo de papel con título manuscrito, cortes pintados de azul y restos de correíllas de piel de alumbre. 7aGrabadosxretratos1 aBlondeau, Jacques (d1655-1698)egrabador1 aSickeleers, Pieter vanegrabador1 aFarjat, Benoitegrabador1 aDorigny, Nicolas (d1657-1746)egrabador a[Series chronologica et imagines regu hispaniae ab Ataulpho ad Carolum II...] / Jacobus Blondeau Antuerpiensis Incis ; Cirus Ferrius Romanus Delin. aDucum; Regumque Polonoru seriem a LACHO ad AUGUSTUM hodie feliciter regnante... a[TABULA chronologica Ottomanoru Principu Serie,...] aFrancorum Regum Imagines aM-RABAjC-44